| 000 | 00429nam a22001817a 4500 | ||
|---|---|---|---|
| 005 | 20230714114929.0 | ||
| 008 | 230714b |||||||| |||| 00| 0 eng d | ||
| 020 | _a9780199259380 | ||
| 082 |
_a658.0072 _bBRY-B |
||
| 100 | _aALAN,BRYAN | ||
| 245 | _aBusiness research methods | ||
| 260 |
_aINDIA _bOXFORD _c2003 |
||
| 300 | _a608 | ||
| 500 | _aINCLUIDE INDEX | ||
| 650 | _aManagement | ||
| 700 | _aALAN BRYMAN | ||
| 999 |
_c25989 _d25989 |
||